Massifs des Alpes françaises - Carte quiz - Statistiques

Statistiques générales
  • Ce quiz a été pris 4 373 fois
  • Le résultat moyen est 15 sur 38
Réponses sur la Carte
Les réponses sont colorées sur une échelle allant du rouge au vert en fonction du pourcentage des utilisateurs qui les ont devinées à leur premier essai. Vous pouvez retrouver ces pourcentages ci-dessous.
 
Statistiques - réponses
Réponse % Correct
Bauges
63%
Chartreuse
63%
Belledonne
62%
Préalpes de Nice
61%
Écrins
60%
Mont-Blanc
57%
Vercors
51%
Vanoise
50%
Beaufortain
47%
Diois
47%
Mercantour
43%
Cerces
42%
Mont-Cenis
42%
Aiguilles Rouges
41%
Bornes
41%
Chablais
41%
Préalpes de Castellane
41%
Aravis
40%
Dévoluy
39%
Queyras et Alpes cotiennes
39%
Taillefer
38%
Grandes Rousses
36%
Lauzière
35%
Grand Paradis et Alpes grées
34%
Arves
33%
Préalpes de Digne
33%
Alpes ligures
32%
Alpilles
31%
Sainte-Victoire
31%
Baronnies
30%
Haut-Giffre
29%
Luberon
29%
Parpaillon, Escreins et Chambeyron
27%
Pelat
27%
Trois-Évêchés
27%
Monts de Vaucluse
26%
Sainte-Baume
26%
Bochaine
15%
Aucun quiz correspondant
Distribution des résultats
% des personnes avec chaque résultat
Percentile par nombre de réponses
Votre historique - résultats
Vous n’avez pas pris ce quiz